Biggest European Cities that start with T on a Map - Statistics

General Stats
  • This quiz has been taken 719 times
  • The average score is 10 of 17
Answers on the Map
Answers color-coded by a green-red scale on the quiz's map according to % correct below.
 
Answer Stats
Population City % Correct
848,196 Turin
98%
418,495 Tirana
96%
438,341 Tallinn
95%
486,828 Toulouse
93%
315,196 Thessaloniki
91%
547,757 The Hague
79%
207,595 Trondheim
73%
241,009 Tampere
66%
319,279 Timișoara
53%
221,969 Tilburg
43%
467,955 Tula
34%
693,072 Tolyatti
31%
424,969 Tver
31%
223,627 Terrassa
23%
289,701 Tambov
22%
223,462 Ternopil
19%
248,269 Taganrog
15%
No matching quizzes found
Score Distribution
Percent of People with Each Score
Percentile by Number Answered
Your Score History
You have not taken this quiz